Social Justice Philanthropy: Approaches and Strategies of Funding Organizations. (Record no. 619462)

MARC details
000 -LEADER
fixed length control field 00611nam a2200181 a 4500
008 - FIXED-LENGTH DATA ELEMENTS--GENERAL INFORMATION
fixed length control field 260416s2026##################000#0#eng##
020 ## - INTERNATIONAL STANDARD BOOK NUMBER
ISBN 9788131602041
Paper back/Hardbound hbk
041 ## - LANGUAGE CODE
Language code of text/sound track or separate title Eng
082 04 - DEWEY DECIMAL CLASSIFICATION NUMBER
Classification number 361.7068 THO
100 ## - MAIN ENTRY--AUTHOR NAME
Personal name Thorat,Sukhadeo.
245 10 - TITLE STATEMENT
Title Social Justice Philanthropy: Approaches and Strategies of Funding Organizations.
Statement of responsibility, etc /by Sukhadeo Thorat, Gail Omvedt and Martin Macwan.
250 ## - EDITION STATEMENT
Edition statement 1st ed.
260 ## - PUBLICATION, DISTRIBUTION, ETC. (IMPRINT)
Place of publication New Delhi:
Name of publisher Indian Institute of Dalit Studies,
Year of publication 2009.
300 ## - PHYSICAL DESCRIPTION
Number of Pages xiii;303p.
Dimensions ;20 cm.
650 ## - SUBJECT ADDED ENTRY--TOPICAL TERM
Topical Term Social Problems, Social Science.
942 ## - ADDED ENTRY ELEMENTS (KOHA)
Koha item type English Books
Holdings
Withdrawn status Lost status Damaged status Not for loan Home library Current library Shelving location Date acquired Full call number Accession Number Price effective from Koha item type
        Anna Centenary Library Anna Centenary Library 4TH FLOOR, A WING 16.04.2026 361.7068 THO 504700 16.04.2026 English Books

Find us on the map